¿Qué le pasa a mi centro veterinario? : (Registro nro. 37904)

Detalles MARC
000 -Líder
Campo de control de longitud fija 02729nam a2200313 a 4500
001 - Número de control
Número de control 991017784538807486
005 - Fecha y Hora de Actualización
Campo de control 20260414151831.0
008 - Longitud Fija
Campo de control de longitud fija 251119s2024 sp d gr 000 0 spa d
020 ## - International Standard Book Number
Número Internacional Estándar del Libro 9788418636264
040 ## - Fuente de Catalogación
Centro catalogador/agencia de origen CO-BoBLA
Idiona de catalogación Español
Agencia transcriptora CO-BoBLA
Norma de descripción rda
041 0# - Idioma
Código de idioma del texto/banda sonora o título independiente Español
100 ## - Autor Personal
Nombre de persona Weinstein, Peter A.
Término indicativo de función/relación autor
9 (RLIN) 1102
245 11 - Título Propiamente Dicho
Título ¿Qué le pasa a mi centro veterinario? :
Subtítulo soluciones de gestión a problemas diarios /
Mención de responsabilidad, etc. Peter A. Weinstein, Ignacio Mérida Isla.
264 #1 - Pie de Imprenta
Producción, publicación, distribución, fabricación y copyright Barcelona :
Nombre del de productor, editor, distribuidor, fabricante Multimédica Ediciones Veterinarias,
Fecha de producción, publicación, distribución, fabricación o copyright 2024.
300 ## - Descripción Física
Extensión 216 páginas :
Ilustraciones gráficos ;
Dimensiones 21 cm.
336 ## - Tipo de Contenido
Término de tipo de contenido texto
Código de tipo de contenido texto
Fuente rdacontent
337 ## - Tipo de Mediación
Nombre/término del tipo de medio sin mediación
Código del tipo de medio no mediado
Fuente rdamedia
338 ## - Tipo de Portador
Nombre/término del tipo de soporte volumen
Código del tipo de soporte volumen
Fuente rdacarrier
505 ## - Nota de Contenido
Nota de Bibliografía Índice: Escenario 1. Caída transacciones. -- Escenario 2. Quejas en redes sociales. -- Escenario 3. Caída de mascotas tras cambio de dueño. -- Escenario 4. Alta rotación de personal. -- Escenario 5. Competición en el equipo. -- Escenario 6. Pérdida de clientes. -- Escenario 7. Divorcio de los dueños. -- Escenario 8. Personal descontento con salarios. -- Escenario 9. Caída de la medicina preventiva. -- Escenario 10. Sin crecimiento y beneficio estancado. -- Escenario 11. Crecimiento bajo. -- Escenario 12. Caída de ingresos por competencia de precios bajos. -- Escenario 13. Pérdida de clientes progresiva. -- Escenario 14. Ingresos sin crecimiento. -- Escenario 15. Quejas sobre el horario de trabajo. -- Escenario 16. Bajo beneficio y nada de descanso. -- Escenario 17. Clientes vienen, pero no repiten. -- Escenario 18. Desaparición subita del dueño. -- Escenario 19. Se sale tarde casi siempre. -- Escenario 20 El trabajo nunca se termina correctamente.
520 ## - Nota de Resumen
Resumen, Sumario, etc. Esta obra constituye una guía práctica y estratégica dirigida a propietarios y gestores de clínicas veterinarias. A través de un análisis de las patologías empresariales más comunes, el autor aborda problemas cotidianos como la falta de rentabilidad, la gestión ineficiente del personal, la fijación de precios errónea y la comunicación deficiente con los clientes. El libro propone soluciones basadas en indicadores de rendimiento (KPIs) y herramientas de gestión empresarial adaptadas específicamente al sector veterinario, con el objetivo de transformar la clínica en un negocio sostenible y profesionalizado sin perder el enfoque en el bienestar animal.
598 ## - Programas Académicos
Programas Académicos Medicina Veterinaria
700 #2 - Coautor personal
Nombre de persona Mérida Isla, Ignacio
Término indicativo de función/relación autor
9 (RLIN) 1103
082 04 - Clasificación Decimal Dewey
Número de clasificación 636.089 /
Clave de autor W424p
650 #0 - Materia General
Topical term or geographic name entry element Administración veterinaria
Fuente del encabezamiento o término BLAAUTO
9 (RLIN) 1104
650 #0 - Materia General
Topical term or geographic name entry element Administración de hospitales de animales
Fuente del encabezamiento o término BLAAUTO
9 (RLIN) 1105
650 #0 - Materia General
Topical term or geographic name entry element Veterinaria como profesión
Fuente del encabezamiento o término BLAAUTO
9 (RLIN) 1106
942 ## - Punto de Acceso Adicional Koha
Tipo de ítem Koha Libro general
Suprimir en OPAC No
949 ## - LOCAL PROCESSING INFORMATION (OCLC)
a n
b n
Existencias
Estatus retirado Lost status Fuente del sistema de clasificación o colocación Damaged status No para préstamo Colección Biblioteca de origen Biblioteca actual Fecha de adquisición Forma de adquisición Precio normal Total de préstamos Signatura topográfica completa Código de barras Fecha última vez visto Price effective from Tipo de ítem Koha
    Clasificación Decimal Dewey     General Biblioteca Uniagraria Biblioteca Uniagraria 09/04/2026 Compra 199.00   636.089/ W424p 0100030457 14/04/2026 14/04/2026 Libro general